Statystyki dla Kraje Europy wdg śmierci na Covid-19 (5.06

Kliknij tutaj aby rozwiązać quiz!

Ogólne statystyki

  • Ten quiz został rozwiązany 65 razy
  • Średni wynik to 36 z 45

Statystyki odpowiedzi

Liczba śmierciKraj% Poprawnych
1,14 tysPolska
100%
29,1 tysFrancja
97%
27,1 tysHiszpania
95%
5,72 tysRosja
95%
40,2 tysWielka Brytania
95%
8,76 tysNiemcy
93%
1,46 tysPortugalia
93%
33,7 tysWłochy
93%
71Litwa
92%
69Estonia
90%
25Łotwa
90%
4,63 tysSzwecja
90%
9,58 tysBelgia
88%
6,00 tysNiderlandy lub Holandia
88%
247Serbia
88%
777Ukraina
88%
263Białoruś
87%
586Dania
87%
322Finlandia
87%
238Norwegia
87%
1,92 tysSzwajcaria
87%
160Bułgaria
83%
327Czechy
83%
180Grecja
83%
28Słowacja
83%
672Austria
82%
104Chorwacja
82%
1,67 tysIrlandia
82%
42San Marino
82%
10Islandia
80%
1Liechtenstein
80%
109Słowenia
80%
110Luksemburg
78%
326Mołdawia
78%
1,31 tysRumunia
78%
9Czarnogóra
77%
545Węgry
75%
159Bośnia i Hercegowina
73%
51Andora
72%
9Malta
70%
149Macedonia Północna
67%
4Monako
65%
24Wyspa Man
10%
46Wyspy Normandzkie
7%
33Alabania
5%

Rozkład punktacji

Percentyl według liczby udzielonych odpowiedzi

Procent ludzi z każdym wynikiem

Twoja historia wyników

Nie rozwiązałeś tego quizu